| 000 | 00579 a2200193 4500 | ||
|---|---|---|---|
| 020 | _a0155074210 | ||
| 020 | _a0155074210 | ||
| 082 | 0 | 0 | _a808.0666 |
| 090 |
_c880 _d880 |
||
| 100 | 1 | _aAnderson, Paul V. | |
| 245 | 1 | 0 |
_aTechnical communication : _ba reader-centered approach / _cPaul V. Anderson. |
| 250 | _a5th ed. | ||
| 260 |
_aBoston : _bThomson/Heinle, _cc2003. |
||
| 300 |
_axxiv, 647 p. : _bcol. ill. ; _c24 cm. |
||
| 650 | 0 |
_aEnglish language _xTechnical English |
|
| 650 | 0 | _aCommunication of technical information | |
| 650 | 0 | _aTechnical writing | |
| 942 |
_cBK _k808.066 AND |
||
| 999 |
_c4850 _d4850 |
||